[Event "Wch Blitz"]
[Site "Warsaw"]
[Date "2021.12.30"]
[Round "16"]
[White "Lima, Darcy Gustavo Macha"]
[Black "Carlsson, Pontus"]
[Result "1/2-1/2"]
[WhiteElo "2507"]
[BlackElo "2457"]
[PlyCount "78"]
[EventDate "2021.12.29"]
[EventType "swiss (blitz)"]
[EventRounds "21"]
[EventCountry "POL"]
[SourceTitle "CBM 205 Extra"]
[Source "ChessBase"]
[SourceDate "2022.01.31"]
[SourceVersion "1"]
[SourceVersionDate "2022.01.31"]
[SourceQuality "1"]

1. d4 Nf6 2. c4 e6 3. Nf3 b6 4. Bf4 Bb7 5. e3 Bb4+ 6. Nfd2 0-0 7. a3 Be7 8. Nc3 c5 9. d5 exd5 10. cxd5 d6 11. e4 a6 12. a4 Re8 13. Be2 Bf8 14. 0-0 Nbd7 15. h3 Qc7 16. Re1 Ne5 17. Nc4 Nxc4 18. Bxc4 Nd7 19. Rc1 g6 20. Qd2 Bg7 21. Kh1 Re7 22. Bg5 Re5 23. f4 Rxg5 24. fxg5 Ne5 25. Bf1 Bc8 26. Nd1 Bd7 27. b3 b5 28. a5 Re8 29. Nf2 Qd8 30. Nd3 Nxd3 31. Bxd3 Be5 32. Rf1 Qe7 33. Rf3 Rc8 34. b4 c4 35. Bb1 Rf8 36. Rcf1 Bc8 37. Bc2 Kg7 38. Bb1 Kg8 39. Bc2 Kg7 1/2-1/2

[Event "Wch Blitz"]
[Site "Warsaw"]
[Date "2021.12.30"]
[Round "14"]
[White "Samunenkov, Igor"]
[Black "Carlsson, Pontus"]
[Result "1-0"]
[WhiteElo "2369"]
[BlackElo "2457"]
[PlyCount "89"]
[EventDate "2021.12.29"]
[EventType "swiss (blitz)"]
[EventRounds "21"]
[EventCountry "POL"]
[SourceTitle "CBM 205 Extra"]
[Source "ChessBase"]
[SourceDate "2022.01.31"]
[SourceVersion "1"]
[SourceVersionDate "2022.01.31"]
[SourceQuality "1"]

1. d4 Nf6 2. g3 d5 3. Nf3 c6 4. c4 g6 5. Bg2 Bg7 6. 0-0 0-0 7. cxd5 cxd5 8. Ne5 Nc6 9. Nc3 Nd7 10. Nxd5 Ndxe5 11. dxe5 Bxe5 12. Qa4 Be6 13. Rd1 Bxd5 14. Bxd5 Qc7 15. Rb1 e6 16. Bxc6 bxc6 17. Be3 Rfd8 18. b3 Rd5 19. Rbc1 Rxd1+ 20. Rxd1 a5 21. Rc1 Rc8 22. Rc5 Bg7 23. Qxa5 Qd7 24. Qd2 Qe7 25. Qc2 Qd6 26. a4 h5 27. h4 Be5 28. Kg2 Bd4 29. Bxd4 Qxd4 30. e3 Qd6 31. a5 Ra8 32. b4 Rb8 33. Qc4 Qd7 34. a6 Rb5 35. Rxb5 cxb5 36. Qc5 Qd3 37. Qc8+ Kg7 38. Qb7 g5 39. a7 gxh4 40. a8Q h3+ 41. Kxh3 Qf1+ 42. Qg2 Qd1 43. Qae4 f5 44. Qxe6 Qg4+ 45. Kh2 1-0

[Event "Wch Blitz"]
[Site "Warsaw"]
[Date "2021.12.29"]
[Round "6"]
[White "Anton Guijarro, David"]
[Black "Carlsson, Pontus"]
[Result "1-0"]
[WhiteElo "2693"]
[BlackElo "2457"]
[PlyCount "85"]
[EventDate "2021.12.29"]
[EventType "swiss (blitz)"]
[EventRounds "21"]
[EventCountry "POL"]
[SourceTitle "CBM 205 Extra"]
[Source "ChessBase"]
[SourceDate "2022.01.31"]
[SourceVersion "1"]
[SourceVersionDate "2022.01.31"]
[SourceQuality "1"]

1. Nf3 Nf6 2. c4 c5 3. Nc3 b6 4. e3 e6 5. d4 cxd4 6. exd4 Bb4 7. Bg5 h6 8. Bh4 0-0 9. Bd3 Bb7 10. 0-0 Bxc3 11. bxc3 d6 12. a4 Nbd7 13. Nd2 Qc7 14. a5 Rfe8 15. f3 d5 16. Bg3 Qc8 17. Qa4 Bc6 18. Qa3 Nh5 19. Bd6 dxc4 20. Nxc4 Bd5 21. Ne3 Bc6 22. c4 Nhf6 23. Rfc1 bxa5 24. Qxa5 Nb6 25. Be5 Nbd7 26. Bg3 Nb6 27. Bf1 Qd7 28. Rd1 Bb7 29. Rab1 Qe7 30. Bh4 g5 31. Bg3 Nh5 32. Bf2 Nf4 33. Ng4 Kg7 34. Bg3 Nh5 35. Be5+ f6 36. Bg3 Nxg3 37. hxg3 h5 38. Ne3 Qc7 39. c5 Qxg3 40. cxb6 Bxf3 41. Qe1 Qxe1 42. Rxe1 Be4 43. Rb2 1-0

[Event "Wch Blitz"]
[Site "Warsaw"]
[Date "2021.12.29"]
[Round "3"]
[White "Carlsson, Pontus"]
[Black "Maghsoodloo, Parham"]
[Result "0-1"]
[WhiteElo "2457"]
[BlackElo "2701"]
[PlyCount "78"]
[EventDate "2021.12.29"]
[EventType "swiss (blitz)"]
[EventRounds "21"]
[EventCountry "POL"]
[SourceTitle "CBM 205 Extra"]
[Source "ChessBase"]
[SourceDate "2022.01.31"]
[SourceVersion "1"]
[SourceVersionDate "2022.01.31"]
[SourceQuality "1"]

1. e4 c5 2. Nf3 Nc6 3. Bb5 e6 4. Bxc6 bxc6 5. d3 Ne7 6. 0-0 Ng6 7. Ng5 Be7 8. Qh5 d6 9. f4 Bxg5 10. fxg5 e5 11. Na3 Be6 12. Be3 a5 13. c3 a4 14. Qe2 0-0 15. Qd2 Rb8 16. d4 cxd4 17. cxd4 d5 18. dxe5 dxe4 19. Qc3 Qd3 20. Bc5 Rfc8 21. Bd6 Qxc3 22. bxc3 Rb2 23. Rf2 Rb7 24. Re2 h5 25. gxh6 gxh6 26. Rxe4 Rb2 27. Nc4 Rc2 28. Nb6 Rd8 29. c4 Kh7 30. Re3 Nf4 31. g3 Nh3+ 32. Kh1 Rf2 33. a3 Rg8 34. c5 Rg4 35. Rae1 Rd4 36. R3e2 Rxe2 37. Rxe2 Bg4 38. Re3 Rd1+ 39. Kg2 Rg1# 0-1

[Event "Wch Blitz"]
[Site "Warsaw"]
[Date "2021.12.29"]
[Round "12"]
[White "Gluszko, Tomasz"]
[Black "Carlsson, Pontus"]
[Result "0-1"]
[WhiteElo "2192"]
[BlackElo "2457"]
[PlyCount "126"]
[EventDate "2021.12.29"]
[EventType "swiss (blitz)"]
[EventRounds "21"]
[EventCountry "POL"]
[SourceTitle "CBM 205 Extra"]
[Source "ChessBase"]
[SourceDate "2022.01.31"]
[SourceVersion "1"]
[SourceVersionDate "2022.01.31"]
[SourceQuality "1"]

1. d4 Nf6 2. Bg5 e6 3. e4 h6 4. Bxf6 Qxf6 5. c3 d6 6. Bd3 g6 7. Ne2 Bg7 8. 0-0 0-0 9. f4 c5 10. Nd2 cxd4 11. cxd4 Nc6 12. Nf3 Qe7 13. Rc1 e5 14. fxe5 dxe5 15. d5 Nd4 16. Nexd4 exd4 17. Qa4 Bg4 18. Qb3 Bxf3 19. Rxf3 Be5 20. Rcf1 Kg7 21. g3 Rad8 22. Kg2 Rd6 23. Qc2 h5 24. Qf2 a6 25. Qd2 Rf6 26. Rxf6 Bxf6 27. Qf2 Be5 28. Qd2 h4 29. g4 Bd6 30. Qf2 Qe5 31. Kh1 h3 32. Qe2 Qg5 33. Qf3 Be5 34. Qe2 Rc8 35. a4 Rc1 36. Qf3 Rxf1+ 37. Bxf1 Qd2 38. Qxh3 Qxb2 39. g5 Qb1 40. Qf3 Qc2 41. Qg2 Qxa4 42. h4 Qd1 43. Qf2 d3 44. Kg2 d2 45. Be2 Qe1 46. Qf3 Qxh4 47. Qg4 Qe1 48. Bd1 b5 49. d6 Bxd6 50. Qf3 Be5 51. Qg4 a5 52. Bb3 Qe3 53. Qf3 Qxf3+ 54. Kxf3 a4 55. Bd1 a3 56. Bb3 Bc3 57. Ke2 Kf8 58. Kd3 b4 59. Kc2 Ke7 60. Kd1 Be5 61. Kxd2 Bf4+ 62. Kd3 Bxg5 63. Kc4 Bd2 0-1

[Event "Wch Blitz"]
[Site "Warsaw"]
[Date "2021.12.29"]
[Round "8"]
[White "Petrovskiy, Vadim"]
[Black "Carlsson, Pontus"]
[Result "0-1"]
[WhiteElo "2239"]
[BlackElo "2457"]
[PlyCount "115"]
[EventDate "2021.12.29"]
[EventType "swiss (blitz)"]
[EventRounds "21"]
[EventCountry "POL"]
[SourceTitle "CBM 205 Extra"]
[Source "ChessBase"]
[SourceDate "2022.01.31"]
[SourceVersion "1"]
[SourceVersionDate "2022.01.31"]
[SourceQuality "1"]

1. e4 c5 2. Nf3 d6 3. d4 Nf6 4. Nc3 cxd4 5. Nxd4 g6 6. f4 Nc6 7. Be2 Nxd4 8. Qxd4 Bg7 9. Be3 0-0 10. Qd2 Be6 11. 0-0 Rc8 12. Rfd1 a6 13. a4 Qc7 14. Bf3 Bg4 15. Bxg4 Nxg4 16. Nd5 Qd8 17. Bb6 Qe8 18. Qe2 Nf6 19. Nc3 Rxc3 20. bxc3 Qc6 21. Bd4 Nxe4 22. Bxg7 Kxg7 23. Rd3 d5 24. h3 e6 25. Qe3 Rc8 26. Qd4+ Kg8 27. Re1 Nc5 28. Rde3 Ne4 29. a5 Qc5 30. Qd3 Nxc3 31. f5 Ne4 32. fxe6 fxe6 33. Kh2 Qxc2 34. Qf1 Qc7+ 35. Kg1 Rf8 36. Rf3 Qc5+ 37. Kh2 Qc7+ 38. Kg1 Rxf3 39. Qxf3 Qxa5 40. Rf1 Qc5+ 41. Kh1 Qe7 42. Rd1 a5 43. Qb3 Nf2+ 44. Kg1 Nxd1 45. Qxd1 Qc5+ 46. Kh1 Qd6 47. Qd3 b6 48. Qb3 e5 49. Qb5 Kg7 50. Qa6 d4 51. Qb7+ Kh6 52. g4 Qf6 53. Kg2 a4 54. Qa8 b5 55. h4 Qxh4 56. Qf8+ Kg5 57. Qe7+ Kxg4 58. Qxe5 0-1

[Event "Wch Rapid"]
[Site "Warsaw"]
[Date "2021.12.28"]
[Round "11"]
[White "Carlsson, Pontus"]
[Black "Thybo, Jesper Sondergaard"]
[Result "0-1"]
[WhiteElo "2457"]
[BlackElo "2590"]
[PlyCount "52"]
[EventDate "2021.12.26"]
[EventType "swiss (rapid)"]
[EventRounds "13"]
[EventCountry "POL"]
[SourceTitle "CBM 205 Extra"]
[Source "ChessBase"]
[SourceDate "2022.01.31"]
[SourceVersion "1"]
[SourceVersionDate "2022.01.31"]
[SourceQuality "1"]

1. e4 c5 2. Nf3 d6 3. Bb5+ Nd7 4. d4 cxd4 5. Qxd4 a6 6. Bxd7+ Bxd7 7. Nc3 e6 8. Bg5 f6 9. Be3 Ne7 10. 0-0-0 Nc6 11. Qb6 Qxb6 12. Bxb6 Rc8 13. Nd2 Ne5 14. f4 Nc4 15. Nxc4 Rxc4 16. Rhe1 Be7 17. Rd3 Kf7 18. f5 exf5 19. exf5 Bxf5 20. Rde3 Bf8 21. R1e2 d5 22. Nxd5 Bd6 23. h3 h5 24. b3 Rc6 25. c4 Be6 26. Bc7 Ba3+ 0-1

[Event "Wch Rapid"]
[Site "Warsaw"]
[Date "2021.12.27"]
[Round "8"]
[White "Carlsson, Pontus"]
[Black "Kuzmicz, Krystian"]
[Result "1-0"]
[WhiteElo "2457"]
[BlackElo "2469"]
[PlyCount "55"]
[EventDate "2021.12.26"]
[EventType "swiss (rapid)"]
[EventRounds "13"]
[EventCountry "POL"]
[SourceTitle "CBM 205 Extra"]
[Source "ChessBase"]
[SourceDate "2022.01.31"]
[SourceVersion "1"]
[SourceVersionDate "2022.01.31"]
[SourceQuality "1"]

1. e4 c5 2. Nf3 e6 3. c3 d5 4. exd5 Qxd5 5. d4 Nf6 6. a3 Nc6 7. Bd3 cxd4 8. cxd4 Be7 9. Nc3 Qd8 10. 0-0 0-0 11. Re1 b6 12. Bc2 Bb7 13. Qd3 Re8 14. d5 exd5 15. Bg5 Ne4 16. Nxe4 dxe4 17. Qxe4 g6 18. Qh4 Qc7 19. Bb3 h5 20. Bxe7 Nxe7 21. Rac1 Qd6 22. Rcd1 Nd5 23. Ng5 Rxe1+ 24. Rxe1 Qf6 25. Qg3 Kg7 26. h4 Nf4 27. Bxf7 Nxg2 28. Re6 1-0

[Event "Wch Rapid"]
[Site "Warsaw"]
[Date "2021.12.27"]
[Round "7"]
[White "Carlsson, Pontus"]
[Black "Nasuta, Grzegorz"]
[Result "1-0"]
[WhiteElo "2457"]
[BlackElo "2521"]
[PlyCount "73"]
[EventDate "2021.12.26"]
[EventType "swiss (rapid)"]
[EventRounds "13"]
[EventCountry "POL"]
[SourceTitle "CBM 205 Extra"]
[Source "ChessBase"]
[SourceDate "2022.01.31"]
[SourceVersion "1"]
[SourceVersionDate "2022.01.31"]
[SourceQuality "1"]

1. e4 c5 2. Nf3 d6 3. Bb5+ Nd7 4. d4 cxd4 5. Qxd4 a6 6. Bxd7+ Bxd7 7. Nc3 e5 8. Qd3 h6 9. 0-0 Nf6 10. Rd1 Rc8 11. Nd2 Qc7 12. Nf1 Be6 13. Ne3 Be7 14. Bd2 Qc5 15. Be1 0-0 16. Kh1 Rfd8 17. f3 Rd7 18. Bf2 Bd8 19. Qe2 Qb4 20. Rab1 Rxc3 21. bxc3 Qxc3 22. Rd3 Qc6 23. a3 b5 24. Qd1 Bb6 25. Qe1 Bxe3 26. Bxe3 Bc4 27. Rd2 d5 28. exd5 Nxd5 29. Rbd1 Re7 30. Bf2 Nf6 31. Rd6 Qc7 32. Bb6 Qb7 33. Bd8 Re6 34. Bxf6 Rxf6 35. Rxf6 gxf6 36. Rd8+ Kh7 37. Qg3 1-0

[Event "Wch Rapid"]
[Site "Warsaw"]
[Date "2021.12.26"]
[Round "4"]
[White "Carlsson, Pontus"]
[Black "Cuenca Jimenez, Jose Fernando"]
[Result "0-1"]
[WhiteElo "2457"]
[BlackElo "2552"]
[PlyCount "119"]
[EventDate "2021.12.26"]
[EventType "swiss (rapid)"]
[EventRounds "13"]
[EventCountry "POL"]
[SourceTitle "CBM 205 Extra"]
[Source "ChessBase"]
[SourceDate "2022.01.31"]
[SourceVersion "1"]
[SourceVersionDate "2022.01.31"]
[SourceQuality "1"]

1. e4 e5 2. Nf3 Nc6 3. d4 exd4 4. Nxd4 Nf6 5. Nc3 Bb4 6. Nxc6 bxc6 7. Bd3 d6 8. 0-0 Ng4 9. Na4 Qh4 10. Bf4 Qf6 11. Qc1 h6 12. a3 g5 13. Bg3 Ba5 14. b4 Bb6 15. Nxb6 axb6 16. Be2 Ne5 17. f4 gxf4 18. Bxf4 Qg7 19. Qe3 Be6 20. a4 Ng6 21. Bg3 h5 22. Rfb1 h4 23. Be1 Ne5 24. Bc3 Rg8 25. Bf1 Qg5 26. Re1 Kd7 27. a5 b5 28. Qf2 Ng4 29. Qd2 Ne5 30. Qf2 h3 31. g3 Ng4 32. Qd2 Nxh2 33. Qxh2 Qxg3+ 34. Qxg3 Rxg3+ 35. Kf2 Rxc3 36. Bd3 Bc4 37. Ke3 Bxd3 38. cxd3 Rb3 39. Rh1 Rxb4 40. Rxh3 Ra4 41. Rf1 Rf8 42. Rh7 Ke7 43. d4 Rxa5 44. Rc1 Ra3+ 45. Kf4 Ra6 46. d5 c5 47. e5 dxe5+ 48. Kxe5 c4 49. Rb1 Rb6 50. Kd4 Kd7 51. Rf1 Kc8 52. Rfxf7 Rxf7 53. Rxf7 Kb7 54. Rf1 Rh6 55. Kc5 Rb6 56. Rc1 Kc8 57. Rc2 Kd7 58. Rc1 b4 59. Kxc4 b3 60. Kc3 0-1

[Event "Wch Rapid"]
[Site "Warsaw"]
[Date "2021.12.26"]
[Round "1"]
[White "Gelfand, Boris"]
[Black "Carlsson, Pontus"]
[Result "1-0"]
[WhiteElo "2663"]
[BlackElo "2457"]
[PlyCount "139"]
[EventDate "2021.12.26"]
[EventType "swiss (rapid)"]
[EventRounds "13"]
[EventCountry "POL"]
[SourceTitle "CBM 205 Extra"]
[Source "ChessBase"]
[SourceDate "2022.01.31"]
[SourceVersion "1"]
[SourceVersionDate "2022.01.31"]
[SourceQuality "1"]

1. d4 Nf6 2. Nf3 e6 3. c4 c5 4. d5 exd5 5. cxd5 d6 6. Nc3 g6 7. Bf4 a6 8. a4 Bg7 9. h3 0-0 10. e3 Re8 11. Bd3 Nbd7 12. 0-0 Nh5 13. Bh2 Ne5 14. Be2 Nxf3+ 15. Bxf3 Nf6 16. Re1 Nd7 17. Bxd6 Qb6 18. Bg3 Qxb2 19. Ne4 Qxa1 20. Qxa1 Bxa1 21. Rxa1 Rxe4 22. Bxe4 Nf6 23. Bf3 Bf5 24. d6 Be4 25. Bh4 Bxf3 26. Bxf6 Bc6 27. Rc1 Kf8 28. Rxc5 Ke8 29. a5 Kd7 30. Be5 Rb8 31. Rc1 Re8 32. Bf4 Re4 33. f3 Rb4 34. Bg3 Rb5 35. Ra1 f6 36. e4 Ke6 37. h4 Rc5 38. Be1 Rc4 39. Rd1 Ba4 40. Rd3 Rc1 41. Kf2 Rc2+ 42. Kg3 Bb5 43. Rd4 Rc4 44. Rd1 Ba4 45. Rd3 Bb5 46. Rd1 Ba4 47. Rd2 Bc6 48. Bf2 Bd7 49. Bb6 Bc6 50. Kf2 Ba4 51. Ke3 Rc3+ 52. Kf4 h6 53. Bd4 Rc4 54. Bxf6 Kxf6 55. d7 g5+ 56. hxg5+ hxg5+ 57. Kg4 Bxd7+ 58. Rxd7 Rc5 59. Rxb7 Rxa5 60. Rb6+ Ke5 61. Kxg5 Ra2 62. g4 a5 63. Rb5+ Kd4 64. e5 Kc4 65. Rb8 a4 66. e6 Re2 67. Kf6 a3 68. e7 a2 69. Ra8 Kb3 70. Kf7 1-0

[Event "Pardubice Czech op-A 32nd"]
[Site "Pardubice"]
[Date "2021.07.31"]
[Round "9"]
[White "Carlsson, Pontus"]
[Black "Stalmach, Richard"]
[Result "1/2-1/2"]
[WhiteElo "2473"]
[BlackElo "2294"]
[PlyCount "128"]
[EventDate "2021.07.23"]
[EventType "swiss"]
[EventRounds "9"]
[EventCountry "CZE"]
[SourceTitle "CBM 203 Extra"]
[Source "ChessBase"]
[SourceDate "2021.09.30"]
[SourceVersion "1"]
[SourceVersionDate "2021.09.30"]
[SourceQuality "1"]

1. e4 c5 2. Nf3 Nc6 3. Nc3 e6 4. d4 cxd4 5. Nxd4 Qc7 6. Be3 a6 7. a3 b5 8. Nxc6 Qxc6 9. Be2 Bb7 10. 0-0 Nf6 11. Bf3 e5 12. Qd3 h6 13. a4 b4 14. Nd5 Rc8 15. Rfc1 Nxd5 16. exd5 Qc4 17. Qxc4 Rxc4 18. c3 Rc8 19. cxb4 Bxb4 20. d6 Bc6 21. Bc5 Bd2 22. Rc2 Bxf3 23. gxf3 0-0 24. Rxd2 Rxc5 25. b4 Rc6 26. b5 axb5 27. axb5 Rb6 28. Ra7 Rd8 29. Rd5 f6 30. Ra6 Rxa6 31. bxa6 Ra8 32. Ra5 Ra7 33. f4 exf4 34. Kg2 Kf7 35. Kf3 g5 36. Kg4 Ke6 37. h4 Kxd6 38. Kf5 gxh4 39. Kxf6 h3 40. Rh5 Rxa6 41. Rxh3 Kd5+ 42. Kf5 Kc4 43. Kxf4 d5 44. Ke5 d4 45. Rh4 Ra5+ 46. Ke4 Ra1 47. Rxh6 Re1+ 48. Kf5 d3 49. Rd6 Kc3 50. Rc6+ Kb3 51. Rb6+ Kc2 52. Rc6+ Kb2 53. Rd6 Kc2 54. Rc6+ Kd1 55. f4 d2 56. Kg6 Rg1+ 57. Kf6 Ke2 58. Rd6 Ra1 59. Ke5 Ra5+ 60. Ke4 Ra4+ 61. Ke5 Ra3 62. Rxd2+ Kxd2 63. f5 Ke3 64. f6 Ra7 1/2-1/2

[Event "Pardubice Czech op-A 32nd"]
[Site "Pardubice"]
[Date "2021.07.29"]
[Round "7"]
[White "Carlsson, Pontus"]
[Black "Mica, Marek"]
[Result "1/2-1/2"]
[WhiteElo "2473"]
[BlackElo "2279"]
[PlyCount "81"]
[EventDate "2021.07.23"]
[EventType "swiss"]
[EventRounds "9"]
[EventCountry "CZE"]
[SourceTitle "CBM 203 Extra"]
[Source "ChessBase"]
[SourceDate "2021.09.30"]
[SourceVersion "1"]
[SourceVersionDate "2021.09.30"]
[SourceQuality "1"]

1. e4 e6 2. d4 d5 3. Nd2 Nc6 4. Ngf3 Nf6 5. e5 Nd7 6. c3 f6 7. Bb5 fxe5 8. dxe5 Be7 9. Nd4 Ndxe5 10. f4 a6 11. Qh5+ Kd7 12. Bxc6+ Nxc6 13. N2f3 Qe8 14. Qg4 Nxd4 15. Ne5+ Kd8 16. cxd4 Bf6 17. 0-0 Bd7 18. Re1 Kc8 19. Bd2 b6 20. Rac1 Kb7 21. Qf3 Bxe5 22. Rxe5 g6 23. b3 Rc8 24. a4 Rf8 25. Re3 Qd8 26. Rec3 Qf6 27. Qd3 Qf5 28. Qg3 Qe4 29. f5 c6 30. fxe6 Qxe6 31. a5 Qg4 32. Qd6 Qe6 33. Qb4 Qe2 34. h3 Rf2 35. Rg3 Qxd2 36. Qxb6+ Ka8 37. Qxa6+ Kb8 38. Qb6+ Ka8 39. Qa6+ Kb8 40. Qb6+ Ka8 41. Qa6+ 1/2-1/2

[Event "Wch Blitz"]
[Site "Moscow"]
[Date "2019.12.30"]
[Round "17"]
[White "Atabayev, Maksat"]
[Black "Carlsson, Pontus"]
[Result "1-0"]
[WhiteElo "2475"]
[BlackElo "2456"]
[PlyCount "87"]
[EventDate "2019.12.29"]
[EventType "swiss (blitz)"]
[EventRounds "21"]
[EventCountry "RUS"]
[SourceTitle "CBM 193 Extra"]
[Source "ChessBase"]
[SourceDate "2020.01.31"]
[SourceVersion "1"]
[SourceVersionDate "2020.01.31"]
[SourceQuality "1"]

1. Nf3 Nf6 2. b3 e6 3. Bb2 b6 4. e3 Bb7 5. Be2 Be7 6. 0-0 0-0 7. c4 c5 8. Nc3 d6 9. Qc2 Nbd7 10. Rad1 a6 11. d4 Qc7 12. Qb1 Rfe8 13. a4 cxd4 14. Nxd4 Rac8 15. Rc1 Qb8 16. f3 Bf8 17. Rfd1 d5 18. cxd5 exd5 19. Qd3 Bd6 20. h3 Nc5 21. Qd2 Bh2+ 22. Kh1 Be5 23. Na2 Nh5 24. b4 Ng3+ 25. Kg1 Bxd4 26. Bxd4 Nb3 27. Rxc8 Qxc8 28. Qe1 Nxd4 29. Rxd4 Rxe3 30. Qxg3 Rxe2 31. Qd6 Rxa2 32. Qxb6 g6 33. h4 Rxa4 34. h5 Kg7 35. h6+ Kxh6 36. Qf6 Qc1+ 37. Kh2 Qg5 38. Rh4+ Qxh4+ 39. Qxh4+ Kg7 40. Qd4+ Kg8 41. Qb6 Bc8 42. Qd8+ Kg7 43. Qxc8 Kf6 44. Qc6+ 1-0

[Event "Wch Blitz"]
[Site "Moscow"]
[Date "2019.12.30"]
[Round "18"]
[White "Carlsson, Pontus"]
[Black "Atabayev, Saparmyrat"]
[Result "0-1"]
[WhiteElo "2456"]
[BlackElo "2425"]
[PlyCount "136"]
[EventDate "2019.12.29"]
[EventType "swiss (blitz)"]
[EventRounds "21"]
[EventCountry "RUS"]
[SourceTitle "CBM 193 Extra"]
[Source "ChessBase"]
[SourceDate "2020.01.31"]
[SourceVersion "1"]
[SourceVersionDate "2020.01.31"]
[SourceQuality "1"]

1. e4 c5 2. Nf3 e6 3. c3 d5 4. exd5 exd5 5. Bb5+ Bd7 6. Bxd7+ Nxd7 7. 0-0 Ngf6 8. d4 Be7 9. dxc5 Nxc5 10. Nd4 Qd7 11. Nd2 0-0 12. N2b3 b6 13. Bf4 Rfe8 14. Qc2 Nfe4 15. f3 Nd6 16. Rad1 Bf6 17. Bxd6 Qxd6 18. Nf5 Qc6 19. Nbd4 Qa4 20. b3 Qd7 21. Rd2 g6 22. Ng3 Rac8 23. Rfd1 Ne6 24. Nge2 Nxd4 25. Nxd4 Qe7 26. Qd3 h5 27. g3 Qe3+ 28. Qxe3 Rxe3 29. Kf2 Rcxc3 30. Nb5 Rxf3+ 31. Kg2 Rce3 32. Nc7 Rf5 33. Nxd5 Ree5 34. Nc7 Kg7 35. Rc2 Re4 36. Rdd2 Bg5 37. Re2 Rxe2+ 38. Rxe2 Rc5 39. Ne8+ Kf8 40. Nd6 Be7 41. Nc4 b5 42. Ne5 Rd5 43. Nc6 Bc5 44. Rc2 Ke8 45. b4 Bb6 46. Re2+ Kf8 47. Rc2 Rd6 48. Ne5 Rd4 49. Nc6 Rd3 50. Ne5 Rd5 51. Nc6 Kg7 52. Kf3 Rd3+ 53. Ke4 Ra3 54. Kd5 Kh6 55. Ne5 f6 56. Nd7 Rd3+ 57. Ke6 Bd4 58. Kf7 Kg5 59. Nf8 Kg4 60. Nxg6 f5 61. Nf4 Rc3 62. Re2 Rc7+ 63. Ke6 Rc8 64. Kd7 Rc4 65. Re6 Rxb4 66. Rg6+ Kf3 67. Nxh5 Ra4 68. Kc6 Ra6+ 0-1

[Event "Wch Blitz"]
[Site "Moscow"]
[Date "2019.12.29"]
[Round "3"]
[White "Anton Guijarro, David"]
[Black "Carlsson, Pontus"]
[Result "0-1"]
[WhiteElo "2685"]
[BlackElo "2456"]
[PlyCount "90"]
[EventDate "2019.12.29"]
[EventType "swiss (blitz)"]
[EventRounds "21"]
[EventCountry "RUS"]
[SourceTitle "CBM 193 Extra"]
[Source "ChessBase"]
[SourceDate "2020.01.31"]
[SourceVersion "1"]
[SourceVersionDate "2020.01.31"]
[SourceQuality "1"]

1. Nf3 Nf6 2. c4 c5 3. Nc3 e6 4. g3 b6 5. e4 d6 6. d4 cxd4 7. Nxd4 Bb7 8. Bg2 a6 9. 0-0 Qc7 10. Re1 Be7 11. Bf4 Nbd7 12. Rc1 Ne5 13. b3 0-0 14. h3 Rac8 15. Be3 Rfe8 16. f4 Ned7 17. Bf2 Bf8 18. Qd2 Rcd8 19. g4 g6 20. Nde2 Qb8 21. g5 Nh5 22. Bf3 Ng7 23. Ng3 f6 24. gxf6 Nxf6 25. Bg2 Ba8 26. Rcd1 b5 27. cxb5 axb5 28. Qd4 e5 29. fxe5 dxe5 30. Qb6 b4 31. Qxb8 Rxb8 32. Nd5 Nfh5 33. Nxh5 Nxh5 34. Bf3 Bxd5 35. exd5 Nf4 36. Kh2 Bd6 37. Be4 Nh5 38. Bh4 Rf8 39. Rf1 Rf4 40. Rxf4 exf4 41. Kg2 Re8 42. Kf3 Ng3 43. Bxg3 fxg3 44. Rc1 Rf8+ 45. Ke3 Bf4+ 0-1

[Event "Wch Blitz"]
[Site "Moscow"]
[Date "2019.12.29"]
[Round "2"]
[White "Carlsson, Pontus"]
[Black "Masrahi, Abdulrahman A"]
[Result "1-0"]
[WhiteElo "2456"]
[BlackElo "1956"]
[PlyCount "57"]
[EventDate "2019.12.29"]
[EventType "swiss (blitz)"]
[EventRounds "21"]
[EventCountry "RUS"]
[SourceTitle "CBM 193 Extra"]
[Source "ChessBase"]
[SourceDate "2020.01.31"]
[SourceVersion "1"]
[SourceVersionDate "2020.01.31"]
[SourceQuality "1"]

1. e4 e5 2. Nf3 Nc6 3. Bb5 a6 4. Ba4 Nf6 5. 0-0 Be7 6. Re1 b5 7. Bb3 d6 8. a4 b4 9. d3 0-0 10. Nbd2 Na5 11. Ba2 c5 12. Nc4 Nxc4 13. Bxc4 Be6 14. h3 Bxc4 15. dxc4 Nd7 16. a5 Nb8 17. c3 Nc6 18. Qa4 Qc7 19. Nd2 Rab8 20. Nf1 f5 21. Ne3 f4 22. Nd5 Qc8 23. Qxc6 Qxc6 24. Nxe7+ Kf7 25. Nxc6 Rbc8 26. cxb4 Rxc6 27. b5 axb5 28. cxb5 Rcc8 29. b6 1-0

[Event "Wch Blitz"]
[Site "Moscow"]
[Date "2019.12.29"]
[Round "9"]
[White "Gelfand, Boris"]
[Black "Carlsson, Pontus"]
[Result "1-0"]
[WhiteElo "2684"]
[BlackElo "2456"]
[PlyCount "93"]
[EventDate "2019.12.29"]
[EventType "swiss (blitz)"]
[EventRounds "21"]
[EventCountry "RUS"]
[SourceTitle "CBM 193 Extra"]
[Source "ChessBase"]
[SourceDate "2020.01.31"]
[SourceVersion "1"]
[SourceVersionDate "2020.01.31"]
[SourceQuality "1"]

1. e4 c5 2. Nc3 d6 3. Nge2 a6 4. g3 g6 5. Bg2 Bg7 6. 0-0 Nc6 7. d3 e6 8. Be3 Nge7 9. d4 cxd4 10. Nxd4 0-0 11. Qd2 Qc7 12. Rad1 Rd8 13. a4 Nxd4 14. Bxd4 e5 15. Be3 Bg4 16. Ra1 Rac8 17. a5 Qc6 18. Rfc1 h5 19. Bh6 Qc4 20. Ra4 Qc5 21. Be3 Qc6 22. Rb4 Be6 23. Nd5 Bxd5 24. exd5 Qd7 25. c4 Re8 26. Rb6 Nf5 27. Bh3 e4 28. b4 Bf8 29. c5 dxc5 30. bxc5 Re5 31. d6 g5 32. Bxf5 Qxf5 33. Rxb7 Rd5 34. Qe2 h4 35. g4 Qe6 36. h3 Rd3 37. Rcb1 Qd5 38. Rb8 Rxb8 39. Rxb8 Kg7 40. Qb2+ f6 41. Qb7+ Qxb7 42. Rxb7+ Kg6 43. d7 f5 44. gxf5+ Kxf5 45. c6 Ke6 46. Rb8 Be7 47. c7 1-0

[Event "Wch Blitz"]
[Site "Moscow"]
[Date "2019.12.29"]
[Round "5"]
[White "Quparadze, Giga"]
[Black "Carlsson, Pontus"]
[Result "0-1"]
[WhiteElo "2462"]
[BlackElo "2456"]
[PlyCount "94"]
[EventDate "2019.12.29"]
[EventType "swiss (blitz)"]
[EventRounds "21"]
[EventCountry "RUS"]
[SourceTitle "CBM 193 Extra"]
[Source "ChessBase"]
[SourceDate "2020.01.31"]
[SourceVersion "1"]
[SourceVersionDate "2020.01.31"]
[SourceQuality "1"]

1. e4 c5 2. Nf3 d6 3. d4 cxd4 4. Nxd4 Nf6 5. Nc3 g6 6. Be2 Bg7 7. 0-0 0-0 8. Nb3 Nbd7 9. Re1 b6 10. Bf1 Bb7 11. Bg5 h6 12. Bh4 Re8 13. Rb1 a6 14. Nd5 e6 15. Nxf6+ Nxf6 16. f3 Qc7 17. Qd2 d5 18. e5 Nd7 19. f4 Nc5 20. Nxc5 bxc5 21. c3 a5 22. Bb5 Bc6 23. Bd3 Rab8 24. Bf2 Bb5 25. Bxb5 Rxb5 26. c4 dxc4 27. Rec1 Rd8 28. Qe2 Qb7 29. Rxc4 Rd5 30. b3 Qd7 31. Be3 Rb4 32. Rxc5 Rxc5 33. Bxc5 Rxf4 34. g3 Rf5 35. Bd6 h5 36. Rc1 Qb7 37. Qe3 Kh7 38. Re1 Qd5 39. Qe4 Qd2 40. Qe2 Qd5 41. Qe4 Qd2 42. Qe2 Qd5 43. Qg2 Qd4+ 44. Kh1 Rf2 45. Qe4 Qd2 46. h4 Rh2+ 47. Kg1 Qf2# 0-1